000 00667nam a22001937a 4500
003 OSt
005 20251203085853.0
008 251203b |||||||| |||| 00| 0 eng d
020 _a978-971-95940-1-7
040 _aDWC-Main lib
_cOC
082 _22019 edition
_aFil. 343.05 B216b 2019
100 _aBanggawan, Rex B.
245 _a Business and transfer taxation :
_b laws principles and applications/
_cRex B. Banggawan
250 _a2019 edition
260 _aPasay City :
_b Real Excellence Publishing,
_c2019.
300 _a 729 pages :
_b illustrations ;
_c 23cm.
650 _a1. Inheritance and transfer tax.
942 _2ddc
_cBK - FIL
_e2019 edition
_kFil.
_n0
999 _c6725
_d6725